000 00423cam a2200181ua 4500
020 _cRs.2/-
041 _ahin
_h
082 _a891.54
_bVEL/DO
100 _aWells, H.G .
245 _aDo laksh varsh bad /
_cVels, H.G.
_hTextual Documents
260 _a :
_bRajpal and Sanch ,
_c1959.
300 _a167 ; .
365 _aRs.2/-
504 _a
942 _cBK
999 _c11943
_d11943